<?xml version="1.0" encoding="UTF-8"?>
<record
    xmlns:xsi="http://www.w3.org/2001/XMLSchema-instance"
    xsi:schemaLocation="http://www.loc.gov/MARC21/slim http://www.loc.gov/standards/marcxml/schema/MARC21slim.xsd"
    xmlns="http://www.loc.gov/MARC21/slim">

  <leader>01797cgm a2200301 a 4500</leader>
  <controlfield tag="003">SA-RiAUC</controlfield>
  <controlfield tag="005">20260315143327.0</controlfield>
  <controlfield tag="007">hd b|u   uuuu&#xA0;&#xA0;&#xA0;&#xA0;&#xA0;&#xA0;&#xA0;&#xA0;&#xA0;&#xA0;</controlfield>
  <controlfield tag="008">260303s1899    |||--- g      a   fnara c</controlfield>
  <datafield tag="040" ind1=" " ind2=" ">
    <subfield code="a">SA-JeALM</subfield>
    <subfield code="b">ara</subfield>
    <subfield code="c">SA-RiAUC</subfield>
    <subfield code="e">rda</subfield>
  </datafield>
  <datafield tag="043" ind1=" " ind2=" ">
    <subfield code="a">a-su---</subfield>
  </datafield>
  <datafield tag="082" ind1="0" ind2="4">
    <subfield code="a">239.9</subfield>
  </datafield>
  <datafield tag="090" ind1=" " ind2=" ">
    <subfield code="a">&#x645; &#x646; 239.9</subfield>
    <subfield code="b">&#x641; &#x64A; &#x631;</subfield>
  </datafield>
  <datafield tag="100" ind1="1" ind2=" ">
    <subfield code="a">&#x627;&#x644;&#x641;&#x64A;&#x631;&#x648;&#x632;&#x622;&#x628;&#x627;&#x62F;&#x64A;&#x60C; &#x645;&#x62D;&#x645;&#x62F; &#x628;&#x646; &#x64A;&#x639;&#x642;&#x648;&#x628; &#x628;&#x646; &#x645;&#x62D;&#x645;&#x62F;&#x60C;</subfield>
    <subfield code="d">729-817 &#x647;&#x62C;&#x631;&#x64A;.</subfield>
  </datafield>
  <datafield tag="245" ind1="1" ind2="0">
    <subfield code="a">&#x625;&#x62B;&#x627;&#x631;&#x629; &#x627;&#x644;&#x62D;&#x62C;&#x648;&#x646; &#x644;&#x632;&#x64A;&#x627;&#x631;&#x629; &#x627;&#x644;&#x62D;&#x62C;&#x648;&#x646;/</subfield>
    <subfield code="c">&#x645;&#x62C;&#x62F; &#x627;&#x644;&#x62F;&#x64A;&#x646; &#x623;&#x628;&#x648; &#x637;&#x627;&#x647;&#x631; &#x645;&#x62D;&#x645;&#x62F; &#x628;&#x646; &#x64A;&#x639;&#x642;&#x648;&#x628; &#x627;&#x644;&#x634;&#x627;&#x641;&#x639;&#x64A; &#x627;&#x644;&#x634;&#x64A;&#x631;&#x627;&#x632;&#x64A; &#x627;&#x644;&#x641;&#x64A;&#x631;&#x648;&#x632;&#x622;&#x628;&#x627;&#x62F;&#x64A;.</subfield>
  </datafield>
  <datafield tag="260" ind1=" " ind2=" ">
    <subfield code="c">[1899]</subfield>
  </datafield>
  <datafield tag="264" ind1=" " ind2=" ">
    <subfield code="a">&#x645;&#x643;&#x629; &#x627;&#x644;&#x645;&#x643;&#x631;&#x645;&#x629; :</subfield>
    <subfield code="b">&#x645;&#x637;&#x628;&#x639;&#x629; &#x627;&#x644;&#x62A;&#x631;&#x642;&#x649; &#x627;&#x644;&#x645;&#x627;&#x62C;&#x62F;&#x64A;&#x629;</subfield>
    <subfield code="c">[1914]</subfield>
  </datafield>
  <datafield tag="300" ind1=" " ind2=" ">
    <subfield code="a">32&#x635;&#x641;&#x62D;&#x629;&#x61B; </subfield>
    <subfield code="c">29 &#x633;&#x645;.</subfield>
  </datafield>
  <datafield tag="500" ind1=" " ind2=" ">
    <subfield code="a">&#x623;&#x648;&#x644;&#x647; : &#x628;&#x639;&#x62F; &#x627;&#x644;&#x628;&#x633;&#x645;&#x644;&#x629; &#x627;&#x644;&#x62D;&#x645;&#x62F; &#x644;&#x644;&#x647; &#x627;&#x644;&#x630;&#x64A; &#x62E;&#x644;&#x642; &#x627;&#x644;&#x625;&#x646;&#x633;&#x627;&#x646; &#x645;&#x646; &#x62D;&#x645;&#x623; &#x645;&#x633;&#x646;&#x648;&#x646; &#x648;&#x643;&#x644;&#x62D;&#x645; &#x645;&#x639;&#x62C;&#x648;&#x646; ... &#x648;&#x628;&#x639;&#x62F; &#x641;&#x644;&#x645;&#x627; &#x643;&#x627;&#x646;&#x62A; &#x644;&#x64A;&#x644;&#x629; &#x627;&#x644;&#x62B;&#x644;&#x627;&#x62B;&#x627;&#x621; ... &#x62D;&#x635;&#x644; &#x639;&#x632;&#x645; &#x644;&#x632;&#x64A;&#x627;&#x62F;&#x629; &#x645;&#x642;&#x628;&#x631;&#x629; &#x627;&#x644;&#x62D;&#x62C;&#x648;&#x646; ...</subfield>
  </datafield>
  <datafield tag="500" ind1=" " ind2=" ">
    <subfield code="a">&#x622;&#x62E;&#x631;&#x647; : &#x648;&#x644;&#x64A;&#x643;&#x646; &#x62E;&#x62A;&#x645; &#x627;&#x644;&#x643;&#x62A;&#x627;&#x628; &#x628;&#x627;&#x644;&#x635;&#x644;&#x627;&#x629; &#x648;&#x627;&#x644;&#x62A;&#x633;&#x644;&#x64A;&#x645; &#x639;&#x644;&#x649; &#x633;&#x64A;&#x62F;&#x646;&#x627; &#x648;&#x646;&#x628;&#x64A;&#x646;&#x627; &#x645;&#x62D;&#x645;&#x62F; &#x623;&#x634;&#x631;&#x641; &#x627;&#x644;&#x62E;&#x644;&#x642; ... &#x648;&#x62D;&#x633;&#x628;&#x646;&#x627; &#x627;&#x644;&#x644;&#x647; &#x648;&#x646;&#x639;&#x645; &#x627;&#x644;&#x648;&#x643;&#x64A;&#x644; &#x648;&#x643;&#x627;&#x646; &#x627;&#x644;&#x641;&#x631;&#x627;&#x63A; &#x645;&#x646; &#x643;&#x62A;&#x627;&#x628;&#x629; &#x647;&#x630;&#x647; ...</subfield>
  </datafield>
  <datafield tag="500" ind1=" " ind2=" ">
    <subfield code="a">&#x646;&#x633;&#x62E; : &#x62C;&#x639;&#x641;&#x631; &#x628;&#x646; &#x627;&#x644;&#x633;&#x64A;&#x62F; &#x62D;&#x633;&#x64A;&#x646; &#x627;&#x644;&#x62D;&#x633;&#x64A;&#x646;&#x64A; &#x627;&#x644;&#x645;&#x62F;&#x646;&#x64A;.</subfield>
  </datafield>
  <datafield tag="500" ind1=" " ind2=" ">
    <subfield code="a">&#x627;&#x644;&#x646;&#x633;&#x62E;&#x629; &#x62A;&#x627;&#x645;&#x629;&#x60C; &#x648;&#x627;&#x636;&#x62D;&#x629;&#x60C; &#x645;&#x62C;&#x62F;&#x648;&#x644;&#x629;.</subfield>
  </datafield>
  <datafield tag="535" ind1="1" ind2=" ">
    <subfield code="a">&#x645;&#x643;&#x62A;&#x628;&#x629; &#x627;&#x644;&#x633;&#x64A;&#x62F; &#x62C;&#x639;&#x641;&#x631; &#x61B;</subfield>
    <subfield code="c">&#x627;&#x644;&#x645;&#x62F;&#x64A;&#x646;&#x629; &#x627;&#x644;&#x645;&#x646;&#x648;&#x631;&#x629;&#x60C; &#x627;&#x644;&#x633;&#x639;&#x648;&#x62F;&#x64A;&#x629;.</subfield>
  </datafield>
  <datafield tag="610" ind1="2" ind2="7">
    <subfield code="a">&#x645;&#x642;&#x628;&#x631;&#x629; &#x627;&#x644;&#x62D;&#x62C;&#x648;&#x646; (&#x645;&#x643;&#x629; &#x627;&#x644;&#x645;&#x643;&#x631;&#x645;&#x629;)</subfield>
    <subfield code="v">&#x645;&#x62E;&#x637;&#x648;&#x637;&#x627;&#x62A;</subfield>
    <subfield code="2">aucnm</subfield>
  </datafield>
  <datafield tag="650" ind1=" " ind2="7">
    <subfield code="a">&#x627;&#x644;&#x635;&#x62D;&#x627;&#x628;&#x629; &#x648;&#x627;&#x644;&#x62A;&#x627;&#x628;&#x639;&#x648;&#x646;</subfield>
    <subfield code="v">&#x62A;&#x631;&#x627;&#x62C;&#x645;</subfield>
    <subfield code="v">&#x645;&#x62E;&#x637;&#x648;&#x637;&#x627;&#x62A;</subfield>
    <subfield code="2">aucsh</subfield>
  </datafield>
  <datafield tag="942" ind1=" " ind2=" ">
    <subfield code="2">ddc</subfield>
    <subfield code="c">RBOOK COPY</subfield>
    <subfield code="n">0</subfield>
  </datafield>
  <datafield tag="949" ind1=" " ind2=" ">
    <subfield code="a">SA-JeALM</subfield>
    <subfield code="d">260303</subfield>
    <subfield code="u">mohamedma123</subfield>
    <subfield code="n">1</subfield>
  </datafield>
  <datafield tag="952" ind1=" " ind2=" ">
    <subfield code="0">0</subfield>
    <subfield code="1">0</subfield>
    <subfield code="2">ddc</subfield>
    <subfield code="4">0</subfield>
    <subfield code="7">0</subfield>
    <subfield code="a">WAHAB</subfield>
    <subfield code="b">WAHAB</subfield>
    <subfield code="d">2026-03-15</subfield>
    <subfield code="l">0</subfield>
    <subfield code="o">&#x645; &#x646; 239.9  &#x641; &#x64A; &#x631;</subfield>
    <subfield code="p">000023112</subfield>
    <subfield code="r">2026-03-15 14:34:11</subfield>
    <subfield code="w">2026-03-15</subfield>
    <subfield code="y">RBOOK COPY</subfield>
  </datafield>
  <datafield tag="999" ind1=" " ind2=" ">
    <subfield code="c">14611</subfield>
    <subfield code="d">14611</subfield>
  </datafield>
</record>
